Trung Quốc danh phương toàn tập

Cung cấp gần 800 bài thuốc nổi tiếng của Trung Quốc trong đó có nhiều bài thuốc đã được ứng dụng và rất quen thuộc với y học cổ truyền Việt Nam.

Spremljeno u:
Bibliografski detalji
Glavni autor: Trình, Như Hải
Format: Knjiga
Jezik:Undetermined
Izdano: Hà Nội Y học 2011
Teme:
Oznake: Dodaj oznaku
Bez oznaka, Budi prvi tko označuje ovaj zapis!
Thư viện lưu trữ: Trung tâm Học liệu Trường Đại học Cần Thơ
LEADER 00886nam a2200205Ia 4500
001 CTU_188734
008 210402s9999 xx 000 0 und d
020 |c 425000 
082 |a 615.88 
082 |b H103 
100 |a Trình, Như Hải 
245 0 |a Trung Quốc danh phương toàn tập 
245 0 |c Trình Như Hải, Lý Gia Canh (Chủ biên) ; Võ Văn Bình dịch ; Phạm Đình Sửu hiệu đính 
260 |a Hà Nội 
260 |b Y học 
260 |c 2011 
520 |a Cung cấp gần 800 bài thuốc nổi tiếng của Trung Quốc trong đó có nhiều bài thuốc đã được ứng dụng và rất quen thuộc với y học cổ truyền Việt Nam. 
650 |a Folk medicine,Y học cổ truyền 
910 |a Hải 
980 |a Trung tâm Học liệu Trường Đại học Cần Thơ